Market renewal and regeneration special (Record no. 74791)

MARC details
000 -LEADER
fixed length control field 01597cab a2200277 4500
001 - CONTROL NUMBER
control field ABS68773
008 - FIXED-LENGTH DATA ELEMENTS--GENERAL INFORMATION
fixed length control field 050214n2005 000 0 eng u
035 ## - SYSTEM CONTROL NUMBER
System control number (Sirsi) u128762
245 ## - TITLE STATEMENT
Title Market renewal and regeneration special
260 ## - PUBLICATION, DISTRIBUTION, ETC.
Date of publication, distribution, etc. 2005
490 ## - SERIES STATEMENT
Series statement Inside Housing
Volume/sequential designation 22(4) 28 January 2005, 20-34(13)
520 ## - SUMMARY, ETC.
Summary, etc. Brings together articles on aspects of urban regeneration and renewal. In "Urban effect" David Blackman assesses whether the ambitions of the urban white paper "Our towns and cities: the future: delivering an urban renaissance" (ISBN 0101491123), have been fulfilled five years after its publication. Keith Cooper in "Clearance to move" visits the scene of the local market renewal pathfinders demolition plans on Merseyside and looks at the relocation packages on offer across northern England and the Midlands. In "Cutting edge" David Blackman discovers that the market renewal pathfinders are under real pressure to achieve the fundamental changes demanded by the government programme. Mike Lloyd in "Work in progress" scrutinises the Scottish Executive's regeneration record and looks at the activities of the pathfinder urban regeneration companies at Raploch, Craigmillar and Clydebank.
590 ## - LOCAL NOTE (RLIN)
Local note ABS
650 ## - SUBJECT ADDED ENTRY--TOPICAL TERM
Topical term or geographic name entry element URBAN REGENERATION
650 ## - SUBJECT ADDED ENTRY--TOPICAL TERM
Topical term or geographic name entry element BROWNFIELD DEVELOPMENT
650 ## - SUBJECT ADDED ENTRY--TOPICAL TERM
Topical term or geographic name entry element ECONOMIC GROWTH
650 ## - SUBJECT ADDED ENTRY--TOPICAL TERM
Topical term or geographic name entry element MARKET RENEWAL PATHFINDER AREAS
650 ## - SUBJECT ADDED ENTRY--TOPICAL TERM
Topical term or geographic name entry element NORTHERN ENGLAND
650 ## - SUBJECT ADDED ENTRY--TOPICAL TERM
Topical term or geographic name entry element MIDLANDS
650 ## - SUBJECT ADDED ENTRY--TOPICAL TERM
Topical term or geographic name entry element SCOTLAND
690 ## - LOCAL SUBJECT ADDED ENTRY--TOPICAL TERM (OCLC, RLIN)
Topical term or geographic name as entry element REGENERATION
700 ## - ADDED ENTRY--PERSONAL NAME
Personal name Blackman, D.
700 ## - ADDED ENTRY--PERSONAL NAME
Personal name Cooper
-- .
700 ## - ADDED ENTRY--PERSONAL NAME
Personal name Lloyd, M.
942 ## - ADDED ENTRY ELEMENTS (KOHA)
Suppress in OPAC 0
Holdings
Withdrawn status Lost status Source of classification or shelving scheme Damaged status Not for loan Home library Current library Shelving location Date acquired Total Checkouts Full call number Barcode Date last seen Copy number Price effective from Koha item type
    Dewey Decimal Classification     London London Journal article 14/02/2005   ABS68773 128762-1001 06/08/2019 1 06/08/2019 Journal article